House prices rise (Record no. 66013)

MARC details
000 -LEADER
fixed length control field 00966cam a2200241 4500
001 - CONTROL NUMBER
control field WB3706-17
008 - FIXED-LENGTH DATA ELEMENTS--GENERAL INFORMATION
fixed length control field 000000n2001 000 0 eng u
035 ## - SYSTEM CONTROL NUMBER
System control number (Sirsi) u110750
245 ## - TITLE STATEMENT
Title House prices rise
260 ## - PUBLICATION, DISTRIBUTION, ETC.
Date of publication, distribution, etc. 2001
490 ## - SERIES STATEMENT
Series statement Sunday Times
Volume/sequential designation 4 February 2001, 1
490 ## - SERIES STATEMENT
Series statement Financial Times
Volume/sequential designation 7 February 2001, 3(2)
520 ## - SUMMARY, ETC.
Summary, etc. Figures from Nationwide indicate a turnaround for house prices, with a 2.5% rise in January 2001. Despite this marked recovery from the second half of 2000, Nationwide suggests that the rate of growth will slow, with a 7% overall rise this year, in comparison to 9.3% in 2000. However, figures from Halifax present a contradictory picture. Graphs.
590 ## - LOCAL NOTE (RLIN)
Local note WB
650 ## - SUBJECT ADDED ENTRY--TOPICAL TERM
Topical term or geographic name entry element FORECAST
650 ## - SUBJECT ADDED ENTRY--TOPICAL TERM
Topical term or geographic name entry element INTEREST RATES
650 ## - SUBJECT ADDED ENTRY--TOPICAL TERM
Topical term or geographic name entry element HOUSING MARKET
650 ## - SUBJECT ADDED ENTRY--TOPICAL TERM
Topical term or geographic name entry element NATIONWIDE
650 ## - SUBJECT ADDED ENTRY--TOPICAL TERM
Topical term or geographic name entry element HALIFAX
650 ## - SUBJECT ADDED ENTRY--TOPICAL TERM
Topical term or geographic name entry element HOUSE PRICES
690 ## - LOCAL SUBJECT ADDED ENTRY--TOPICAL TERM (OCLC, RLIN)
Topical term or geographic name as entry element PROPERTY-RESIDENTIAL PROPERTY-RESIDENTIAL PROPERTY MARKET
942 ## - ADDED ENTRY ELEMENTS (KOHA)
Suppress in OPAC 0
Holdings
Withdrawn status Lost status Source of classification or shelving scheme Damaged status Not for loan Home library Current library Shelving location Date acquired Total Checkouts Full call number Barcode Date last seen Copy number Price effective from Koha item type
    Dewey Decimal Classification     London London News article 05/02/2001   WB3706-17 110750-1001 06/08/2019 1 06/08/2019 News article